[Event "European Blitz 2016"]
[Site "Tallinn EST"]
[Date "2016.12.18"]
[Round "22.22"]
[White "Potapov, Pavel"]
[Black "Motylev, Alexander"]
[Result "1/2-1/2"]
[WhiteTitle "GM"]
[BlackTitle "GM"]
[WhiteElo "2493"]
[BlackElo "2663"]
[WhiteFideId "4169786"]
[BlackFideId "4121830"]
[EventDate "2016.12.17"]

1. e4 c6 2. d4 d5 3. exd5 cxd5 4. Bd3 Nc6 5. c3 Nf6 6. Nf3 Bg4 7. h3 Bh5 8. O-O
e6 9. Nbd2 Bd6 10. Re1 O-O 11. Nf1 Qc7 12. Bg5 Nd7 13. Bh4 Bg6 14. Bg3 Bxd3 15.
Qxd3 h6 16. Bxd6 Qxd6 17. Ng3 Rae8 1/2-1/2

[Event "European Blitz 2016"]
[Site "Tallinn EST"]
[Date "2016.12.18"]
[Round "22.23"]
[White "Piorun, Kacper"]
[Black "Sarana, Alexey"]
[Result "0-1"]
[WhiteTitle "GM"]
[BlackTitle "IM"]
[WhiteElo "2657"]
[BlackElo "2457"]
[WhiteFideId "1130420"]
[BlackFideId "24133795"]
[EventDate "2016.12.17"]

1. Nf3 Nf6 2. c4 e6 3. b3 d5 4. Bb2 c5 5. g3 Nc6 6. Bg2 Be7 7. O-O O-O 8. e3 d4
9. exd4 cxd4 10. Re1 a5 11. a3 Bc5 12. d3 Nd7 13. Nbd2 e5 14. Ne4 Be7 15. Bc1
Re8 16. Ra2 Nc5 17. Nxc5 Bxc5 18. Rae2 f6 19. Nh4 Bg4 20. Bd5+ Kf8 21. f3 Bh3
22. f4 Qd7 23. fxe5 Nxe5 24. Rxe5 Rxe5 25. Rxe5 fxe5 26. Qf3+ Ke7 27. Bg5+ Kd6
28. Bxb7 Re8 29. Ba6 e4 30. Qf4+ Re5 31. Bb5 Qg4 32. Qf8+ Kc7 33. Qxg7+ Re7 34.
Bf4+ Kb7 35. Qxg4 Bxg4 36. dxe4 d3+ 37. Kf1 Bh3+ 38. Ke1 Bxa3 39. Kd2 Bf1 40.
Nf3 Rxe4 41. Ne5 Bb4+ 42. Kc1 Re1+ 43. Kb2 d2 44. Bxd2 Bxd2 45. Bc6+ Kc7 46. Nf3
Re2 47. Bd5 Bb4+ 48. Kc1 Rf2 49. Nd4 Bd3 50. Ne6+ Kd6 51. Nf4 Bf5 52. Kd1 Bc3
53. Nh5 Bg4+ 0-1

[Event "European Blitz 2016"]
[Site "Tallinn EST"]
[Date "2016.12.18"]
[Round "22.24"]
[White "Kulaots, Kaido"]
[Black "Kazakovskiy, Valeriy"]
[Result "0-1"]
[WhiteTitle "GM"]
[BlackTitle "IM"]
[WhiteElo "2556"]
[BlackElo "2430"]
[WhiteFideId "4500261"]
[BlackFideId "13507443"]
[EventDate "2016.12.17"]

1. e4 e5 2. Nf3 Nc6 3. Bb5 a6 4. Ba4 Nf6 5. O-O Be7 6. d3 b5 7. Bb3 O-O 8. Nc3
Bb7 9. a4 b4 10. Ne2 d5 11. exd5 Na5 12. Ba2 Bxd5 13. Bxd5 Qxd5 14. Ng3 Rfe8 15.
b3 Rad8 16. Bb2 Bf8 17. Re1 Nc6 18. Ne4 Nd7 19. Ned2 g6 20. Qe2 f5 21. Nc4 Bg7
22. Qf1 h6 23. Re2 Re7 24. Re3 Rde8 25. Rae1 Nb6 26. Nxb6 cxb6 27. Nd2 Qc5 28.
Rc1 Kh7 29. Qe2 h5 30. Qe1 Bh6 31. Re2 b5 32. axb5 axb5 33. c3 Qd5 34. c4 Qxd3
35. cxb5 Qxb5 36. Rd1 Bg7 37. Nc4 Qc5 38. Nd6 Rd8 39. Rc2 Qxc2 0-1

[Event "European Blitz 2016"]
[Site "Tallinn EST"]
[Date "2016.12.18"]
[Round "22.25"]
[White "Kovalenko, Igor"]
[Black "Luch, Michal"]
[Result "0-1"]
[WhiteTitle "GM"]
[BlackTitle "IM"]
[WhiteElo "2684"]
[BlackElo "2433"]
[WhiteFideId "14117908"]
[BlackFideId "1120042"]
[EventDate "2016.12.17"]

1. d4 Nf6 2. c4 e6 3. Nf3 d5 4. g3 dxc4 5. Bg2 Bb4+ 6. Bd2 a5 7. O-O O-O 8. Qc2
Bxd2 9. Nbxd2 b5 10. a4 c6 11. e3 Ba6 12. Ne5 Nd5 13. Rfc1 f6 14. Nef3 Nd7 15.
b3 c3 16. Ne4 b4 17. h4 Qe7 18. g4 f5 19. gxf5 exf5 20. Neg5 h6 21. Nh3 Qe4 22.
Qa2 Qg4 23. Kh1 Rae8 24. Rg1 Qh5 25. Qc2 Re4 26. Rae1 Rfe8 27. Qd1 N7f6 28. Bf1
Bxf1 29. Rexf1 c2 30. Qe2 Rxh4 31. Rg3 Rxh3+ 32. Kg1 Rxg3+ 33. fxg3 Rxe3 0-1

[Event "European Blitz 2016"]
[Site "Tallinn EST"]
[Date "2016.12.18"]
[Round "22.26"]
[White "Karttunen, Mika"]
[Black "Jankovic, Alojzije"]
[Result "0-1"]
[WhiteTitle "IM"]
[BlackTitle "GM"]
[WhiteElo "2455"]
[BlackElo "2591"]
[WhiteFideId "502081"]
[BlackFideId "14505959"]
[EventDate "2016.12.17"]

1. d4 Nf6 2. Bg5 Ne4 3. Bf4 d6 4. f3 Nf6 5. e4 c6 6. Qd2 Nbd7 7. Nh3 e5 8. Be3
Be7 9. Nc3 O-O 10. Be2 a6 11. a4 a5 12. O-O Qc7 13. f4 exd4 14. Bxd4 Nc5 15. Nf2
Ne6 16. Be3 d5 17. exd5 cxd5 18. Nb5 Qd8 19. Bf3 Nc5 20. Rfd1 Be6 21. Nd4 Bd7
22. b3 Re8 23. Re1 Bf8 24. Rad1 Qc7 25. Nb5 Bxb5 26. axb5 Rad8 27. Bd4 Nce4 28.
Bxe4 dxe4 29. Qc3 Qxf4 30. Be3 Qf5 31. Qxa5 Rxd1 32. Nxd1 Ng4 33. c4 Qe5 34. g3
Qh5 35. Qd2 Bb4 36. Qxb4 Qxh2+ 37. Kf1 Qh1+ 38. Bg1 Qf3+ 39. Nf2 e3 40. Re2 Nxf2
41. Bxf2 Qh1+ 42. Bg1 Qh3+ 43. Ke1 Qxg3+ 44. Kd1 Qxg1+ 45. Kc2 Qg6+ 46. Kb2 Qe6
47. Qc5 b6 48. Qd4 h5 49. b4 h4 50. Qxh4 Qe5+ 51. Kb3 Qf5 52. Qd4 Qb1+ 53. Rb2
Qe1 54. Qd7 Ra8 55. Qd5 Rf8 56. c5 e2 57. Qe4 Qd1+ 0-1

[Event "European Blitz 2016"]
[Site "Tallinn EST"]
[Date "2016.12.18"]
[Round "22.27"]
[White "Maier, Christian"]
[Black "Grandelius, Nils"]
[Result "0-1"]
[WhiteTitle "IM"]
[BlackTitle "GM"]
[WhiteElo "2390"]
[BlackElo "2643"]
[WhiteFideId "4601955"]
[BlackFideId "1710400"]
[EventDate "2016.12.17"]

1. e4 c5 2. Nf3 d6 3. Bb5+ Nd7 4. c3 Nf6 5. d3 g6 6. O-O Bg7 7. Re1 a6 8. Ba4
O-O 9. h3 b5 10. Bc2 Bb7 11. Bg5 h6 12. Bc1 e5 13. Nbd2 Re8 14. Nf1 d5 15. Ng3
d4 16. a4 Rc8 17. Bd2 Nb6 18. axb5 axb5 19. cxd4 exd4 20. Ra7 Ba8 21. Nh2 Rc7
22. Ra5 Bc6 23. Ng4 Nxg4 24. Qxg4 Nd7 25. f4 c4 26. Raa1 cxd3 27. Bxd3 Nc5 28.
Bf1 h5 29. Qf3 h4 30. Rac1 hxg3 31. Rxc5 Bxe4 32. Qa3 Bf8 33. b4 Bxc5 34. bxc5
d3 35. Qc3 Qd5 36. Be3 Rc6 37. Ra1 Bf5 38. Ra7 Rxe3 39. Bxd3 Re8 40. Bxb5 Qxc5+
41. Qxc5 Rxc5 0-1

[Event "European Blitz 2016"]
[Site "Tallinn EST"]
[Date "2016.12.18"]
[Round "22.28"]
[White "Neiksans, Arturs"]
[Black "D'Costa, Lorin A R"]
[Result "1-0"]
[WhiteTitle "GM"]
[BlackTitle "IM"]
[WhiteElo "2631"]
[BlackElo "2391"]
[WhiteFideId "11601388"]
[BlackFideId "409219"]
[EventDate "2016.12.17"]

1. d4 Nf6 2. c4 e6 3. Nf3 b6 4. g3 Ba6 5. b3 Bb7 6. Bg2 Bb4+ 7. Bd2 a5 8. O-O
O-O 9. Nc3 d6 10. a3 Bxc3 11. Bxc3 Nbd7 12. a4 Be4 13. Re1 c5 14. Bf1 cxd4 15.
Nxd4 d5 16. f3 Bg6 17. e3 Rc8 18. Rc1 Qe7 19. Qd2 Rfd8 20. Qf2 e5 21. Nb5 Nc5
22. Qb2 dxc4 23. Bxc4 Nxa4 24. Bxf7+ Qxf7 25. bxa4 e4 26. f4 Nd5 27. Bd4 Rxc1
28. Rxc1 Bh5 29. Qc2 Bf3 30. Qc6 h5 31. Nd6 Qe6 32. Nc8 Qh3 33. Rc2 Nxf4 34.
Ne7+ Kh7 35. exf4 Rxd4 36. Qg6+ Kh8 37. Qe8+ Kh7 38. Qg8+ 1-0

[Event "European Blitz 2016"]
[Site "Tallinn EST"]
[Date "2016.12.18"]
[Round "22.29"]
[White "Lobanov, Sergei"]
[Black "Ruck, Robert"]
[Result "1-0"]
[BlackTitle "GM"]
[WhiteElo "2429"]
[BlackElo "2561"]
[WhiteFideId "24183750"]
[BlackFideId "705713"]
[EventDate "2016.12.17"]

1. e4 c6 2. d4 d5 3. exd5 cxd5 4. Bd3 Nc6 5. c3 Qc7 6. Ne2 Bg4 7. O-O e6 8. Qe1
Bd6 9. f3 Bh5 10. Qh4 Bg6 11. Bxg6 fxg6 12. Nf4 Bxf4 13. Bxf4 Qe7 14. Qh3 Nf6
15. Na3 O-O 16. Nb5 Ne8 17. Qg3 a6 18. Nc7 Rc8 19. Nxe8 Qxe8 20. Rfe1 Qf7 21.
Bd6 Rfe8 22. Re2 Na5 23. b3 b6 24. Bb4 Nc6 25. Bd6 Na5 26. Re3 Rc6 27. Bb4 Nb7
28. Rae1 Rec8 29. a4 a5 30. Ba3 Nd8 31. c4 Qd7 32. Qf4 Nf7 33. c5 bxc5 34. Bxc5
g5 35. Qg3 h6 36. Qf2 Re8 37. Qd2 Qc7 38. b4 axb4 39. Qxb4 Nd8 40. a5 Nb7 41.
Bb6 Qd7 42. Ra1 Nd6 43. Bc5 Nc4 44. Re2 Ra6 45. Rea2 Rea8 46. Rb1 Rxa5 47. Rxa5
Rxa5 48. Qb8+ Kh7 49. Rb7 Qa4 50. h3 Qd1+ 51. Kh2 Qd2 52. Bf8 Qf4+ 53. Qxf4 gxf4
54. Rxg7+ Kh8 55. Rg6 Ne3 56. Bxh6 Nf1+ 57. Kg1 Ra1 58. Bxf4 Ng3+ 59. Kf2 Nf5
60. Rxe6 Nh4 61. Rh6+ Kg7 62. Rxh4 1-0

[Event "European Blitz 2016"]
[Site "Tallinn EST"]
[Date "2016.12.18"]
[Round "22.30"]
[White "Huzman, Alexander"]
[Black "Narmontas, Matas"]
[Result "1-0"]
[WhiteTitle "GM"]
[BlackTitle "IM"]
[WhiteElo "2557"]
[BlackElo "2411"]
[WhiteFideId "2803828"]
[BlackFideId "12802204"]
[EventDate "2016.12.17"]

1. d4 f5 2. g3 Nf6 3. Bg2 e6 4. Nf3 d5 5. O-O Bd6 6. c4 c6 7. Nc3 O-O 8. Qc2 Ne4
9. Rb1 Nd7 10. b4 a6 11. a4 Ndf6 12. b5 axb5 13. axb5 Bd7 14. bxc6 Bxc6 15. c5
Bc7 16. Bf4 Bxf4 17. gxf4 Nxc3 18. Qxc3 Ne4 19. Qb2 g5 20. fxg5 Nxg5 21. Ne5 Kh8
22. Kh1 f4 23. Rg1 Qf6 24. Bf3 Nh3 25. Rg2 Rg8 26. Rf1 Raf8 27. Bg4 Ng5 28. Rfg1
Ne4 29. Bf3 Rxg2 30. Rxg2 Rg8 31. Rxg8+ Kxg8 32. Bxe4 dxe4 33. Nxc6 bxc6 34.
Qb8+ Kf7 35. Qc7+ Kg6 36. Qxc6 Qxd4 37. Qxe6+ Kg5 38. Kg2 f3+ 39. Kg3 Kh5 40.
Qg4+ Kh6 41. exf3 Qxc5 42. fxe4 Qc3+ 43. Kg2 Qe1 44. Qf4+ Kg7 45. h4 h6 46. e5
Kg6 47. Qf6+ Kh5 48. e6 Kg4 49. Qg6+ Kxh4 50. Qxh6+ Kg4 51. Qg6+ Kf4 52. Qf7+
Kg4 53. e7 Qc3 1-0

[Event "European Blitz 2016"]
[Site "Tallinn EST"]
[Date "2016.12.18"]
[Round "22.31"]
[White "Potkin, Vladimir"]
[Black "Putka, Verners"]
[Result "1/2-1/2"]
[WhiteTitle "GM"]
[WhiteElo "2597"]
[BlackElo "2307"]
[WhiteFideId "4131061"]
[BlackFideId "11600659"]
[EventDate "2016.12.17"]

1. c4 Nf6 2. Nc3 c5 3. Nf3 b6 4. d4 cxd4 5. Nxd4 Bb7 6. f3 e6 7. e4 d6 8. Be2
Be7 9. O-O O-O 10. Be3 Nbd7 11. Qd2 a6 12. Rac1 Rc8 13. Rfd1 Qc7 14. Bf1 Qb8 15.
Kh1 Kh8 16. a3 Rg8 17. b4 h6 18. Nb3 g5 19. Na4 g4 20. Bd4 Rg6 21. Nc3 Ne5 22.
Bxe5 dxe5 23. Qe3 Rcg8 24. Be2 Nh5 25. fxg4 Bg5 26. Qxb6 Bxc1 27. Rxc1 Nf4 28.
Bf3 h5 29. gxh5 Rg5 30. Nc5 Ba8 31. Qxb8 Rxb8 32. Nxa6 Rd8 33. Nc7 Nd3 34. Rb1
Nf2+ 35. Kg1 Nh3+ 36. Kf1 Nf4 37. c5 Rd3 38. Nxa8 Rxc3 39. b5 Rc2 40. g3 Nd3 41.
Be2 Nxc5 42. b6 f5 43. a4 fxe4 44. b7 Rf5+ 45. Ke1 Nxb7 46. Rxb7 Ra2 47. Rb3
Rxa4 48. Nb6 Ra1+ 49. Kd2 Rf2 50. Ke3 Rxh2 51. Rb2 Ra3+ 52. Kxe4 Rxg3 53. Kxe5
Re3+ 54. Kf6 Rexe2 55. Rxe2 Rxe2 56. Nc4 Kh7 57. Ne5 Kh6 58. Kxe6 Kxh5 59. Kf5 1/2-1/2

[Event "European Blitz 2016"]
[Site "Tallinn EST"]
[Date "2016.12.18"]
[Round "22.32"]
[White "Skytte, Rasmus"]
[Black "Jussupow, Artur"]
[Result "1-0"]
[WhiteTitle "IM"]
[BlackTitle "GM"]
[WhiteElo "2390"]
[BlackElo "2585"]
[WhiteFideId "1404210"]
[BlackFideId "4618777"]
[EventDate "2016.12.17"]

1. e4 e5 2. Bc4 Nf6 3. Nc3 Nc6 4. d3 Bc5 5. f4 d6 6. Nf3 Bg4 7. Na4 Bb6 8. Nxb6
axb6 9. O-O h6 10. Qe1 Qd7 11. fxe5 dxe5 12. Qg3 O-O-O 13. Be3 Rhe8 14. a4 Nh5
15. Qe1 Nf4 16. Bb5 Bxf3 17. Rxf3 Qg4 18. Qf2 g5 19. a5 Nxa5 20. Bxe8 Rxe8 21.
b4 Nc6 22. Ra8+ Kd7 23. Rxe8 Kxe8 24. b5 Ne7 25. d4 f6 26. dxe5 fxe5 27. Kf1 Qd7
28. Qd2 Qxb5+ 29. Kf2 Qc4 30. Bxf4 exf4 31. Rc3 Qxe4 32. Rxc7 Nd5 33. Rxb7 g4
34. Rb8+ Kf7 35. Qd3 g3+ 36. hxg3 fxg3+ 37. Kf1 Qf4+ 38. Qf3 Ne3+ 39. Ke2 Nxg2
40. Qxf4+ Nxf4+ 41. Kf3 g2 42. Kf2 h5 43. Rxb6 h4 44. Rb4 Ng6 45. Kxg2 Ke6 46.
Rd4 Ke5 47. Rd1 Nf4+ 48. Kh2 Nd5 49. Kh3 Ne3 50. Rd2 Nf5 51. c4 Nd4 52. c5 Nc6
53. Kxh4 Nb4 54. Kg5 Ke6 55. Kg6 Ke5 56. Kf7 Ke4 1-0

[Event "European Blitz 2016"]
[Site "Tallinn EST"]
[Date "2016.12.18"]
[Round "23.1"]
[White "Ponkratov, Pavel"]
[Black "Andreikin, Dmitry"]
[Result "0-1"]
[WhiteTitle "GM"]
[BlackTitle "GM"]
[WhiteElo "2607"]
[BlackElo "2737"]
[WhiteFideId "4157800"]
[BlackFideId "4158814"]
[EventDate "2016.12.17"]

1. d4 d5 2. c4 c6 3. Nf3 Nf6 4. Qc2 g6 5. e3 Bg7 6. Nc3 O-O 7. Be2 Bg4 8. Qb3
Qb6 9. h3 Bxf3 10. Bxf3 e6 11. Be2 Nbd7 12. O-O c5 13. cxd5 Qxb3 14. axb3 Nxd5
15. Bf3 Nb4 16. Nb5 a6 17. Nd6 cxd4 18. Bd2 Nd5 19. e4 Ne7 20. Nxb7 d3 21. Bb4
Rfe8 22. Bc3 Reb8 23. Na5 Ne5 24. Bd1 N7c6 25. f4 Nxa5 26. Rxa5 Nc6 27. Ra4 Rb5
28. e5 Rd8 29. Rf3 a5 30. Rc4 Nb4 31. Rf2 Bf8 32. Kf1 Nd5 33. Bd2 Bb4 34. Ke1
Ne3 35. Re4 Nc2+ 36. Kf1 Rc5 37. Rc4 Rxc4 38. bxc4 Bxd2 39. Rxd2 Ne3+ 40. Ke1
Nxc4 41. Rf2 d2+ 42. Ke2 Nxb2 43. Rf3 Rd4 44. g3 a4 45. Rc3 Re4+ 46. Kxd2 Rd4+ 0-1

[Event "European Blitz 2016"]
[Site "Tallinn EST"]
[Date "2016.12.18"]
[Round "23.2"]
[White "Bologan, Victor"]
[Black "Mamedov, Rauf"]
[Result "0-1"]
[WhiteTitle "GM"]
[BlackTitle "GM"]
[WhiteElo "2640"]
[BlackElo "2688"]
[WhiteFideId "13900048"]
[BlackFideId "13401653"]
[EventDate "2016.12.17"]

1. d4 d6 2. e4 g6 3. c4 Bg7 4. Nc3 Nc6 5. d5 Nd4 6. Be3 c5 7. Nge2 Nxe2 8. Bxe2
Nf6 9. O-O O-O 10. f4 a6 11. a4 Nd7 12. a5 Rb8 13. Qd2 b6 14. axb6 Rxb6 15. Kh1
Rb4 16. Qc2 Qb6 17. Ra2 Nf6 18. Na4 Qc7 19. Bd2 Rb8 20. Bc3 Bd7 21. b3 Qb7 22.
Rb1 Nxe4 23. Bxg7 Kxg7 24. Nc3 Nf6 25. Bd3 e6 26. Qb2 Kg8 27. Be4 exd5 28. Bxd5
Bc6 29. Bxc6 Qxc6 30. Qa1 Rb6 31. Rd1 Qb7 32. Rad2 Rxb3 33. Rxd6 Rxc3 34. Qxc3
Ne4 35. Qc1 Nxd6 36. Rxd6 a5 37. h3 a4 38. Qe3 Qa7 39. Qa3 Re8 40. Rd5 Qb8 41.
Qxa4 Re1+ 42. Kh2 Qxf4+ 0-1

[Event "European Blitz 2016"]
[Site "Tallinn EST"]
[Date "2016.12.18"]
[Round "23.3"]
[White "Movsesian, Sergei"]
[Black "Zhigalko, Sergei"]
[Result "0-1"]
[WhiteTitle "GM"]
[BlackTitle "GM"]
[WhiteElo "2673"]
[BlackElo "2671"]
[WhiteFideId "310204"]
[BlackFideId "13502956"]
[EventDate "2016.12.17"]

1. Nf3 d5 2. g3 c6 3. Bg2 Bg4 4. O-O e6 5. c4 Nf6 6. d3 Be7 7. Qb3 Qb6 8. Qc2
Nbd7 9. cxd5 Nxd5 10. e4 Nb4 11. Qd1 Ne5 12. Be3 Qa6 13. Nc3 Nbxd3 14. h3 Nxf3+
15. Bxf3 Nxb2 16. Qd4 Bxf3 17. Qxg7 Rf8 18. Rab1 Nc4 19. Bg5 Bxg5 20. Qxg5 Qa5
21. Qf6 Qe5 22. Qxf3 Nd2 23. Qe3 Nxb1 24. Rxb1 b6 25. Ne2 O-O-O 26. a4 Rd7 27.
Nf4 Rfd8 28. Qe2 Kb7 29. a5 Qxa5 30. Qc4 Rd1+ 31. Rxd1 Rxd1+ 32. Kg2 Qa6 33. Qc3
Qf1+ 34. Kf3 Rd7 35. h4 Qd1+ 36. Kg2 Qd4 37. Qc2 a5 38. h5 a4 39. h6 a3 40. e5
Qxe5 41. Qa4 Qa5 0-1

[Event "European Blitz 2016"]
[Site "Tallinn EST"]
[Date "2016.12.18"]
[Round "23.4"]
[White "Vallejo Pons, Francisco"]
[Black "Vitiugov, Nikita"]
[Result "1/2-1/2"]
[WhiteTitle "GM"]
[BlackTitle "GM"]
[WhiteElo "2711"]
[BlackElo "2726"]
[WhiteFideId "2205530"]
[BlackFideId "4152956"]
[EventDate "2016.12.17"]

1. d4 Nf6 2. c4 e6 3. g3 c5 4. d5 exd5 5. cxd5 d6 6. Nc3 g6 7. Nf3 Bg7 8. Bg2
O-O 9. O-O Re8 10. Bf4 Bf5 11. Nh4 Bc8 12. Nf3 Bf5 13. Re1 Ne4 14. Rc1 h6 15. h4
Nxc3 16. bxc3 b5 17. Qd2 Kh7 18. Nh2 a5 19. e4 Bc8 20. Nf3 Bg4 21. Nh2 Bc8 22.
Nf3 Bg4 23. Nh2 Bc8 24. Nf3 1/2-1/2

[Event "European Blitz 2016"]
[Site "Tallinn EST"]
[Date "2016.12.18"]
[Round "23.5"]
[White "Matlakov, Maxim"]
[Black "Ponomariov, Ruslan"]
[Result "1-0"]
[WhiteTitle "GM"]
[BlackTitle "GM"]
[WhiteElo "2694"]
[BlackElo "2709"]
[WhiteFideId "4168003"]
[BlackFideId "14103320"]
[EventDate "2016.12.17"]

1. c4 e5 2. Nc3 Nf6 3. g3 Bb4 4. Bg2 O-O 5. e4 Bxc3 6. bxc3 c6 7. Nf3 Re8 8. O-O
d5 9. cxd5 cxd5 10. exd5 Nxd5 11. c4 Nb4 12. d4 exd4 13. Nxd4 N8c6 14. Nxc6 Nxc6
15. Bf4 Bf5 16. Qd5 Qf6 17. Rfe1 h6 18. Rad1 a6 19. h3 Rxe1+ 20. Rxe1 Be6 21.
Qe4 Rd8 22. Qb1 Bc8 23. c5 Nd4 24. Kh2 g5 25. Be3 Nf3+ 26. Bxf3 Qxf3 27. Qb6 Re8
28. Qxh6 Qf5 29. Bd4 1-0

[Event "European Blitz 2016"]
[Site "Tallinn EST"]
[Date "2016.12.18"]
[Round "23.6"]
[White "Leko, Peter"]
[Black "Wojtaszek, Radoslaw"]
[Result "1/2-1/2"]
[WhiteTitle "GM"]
[BlackTitle "GM"]
[WhiteElo "2693"]
[BlackElo "2749"]
[WhiteFideId "703303"]
[BlackFideId "1118358"]
[EventDate "2016.12.17"]

1. d4 Nf6 2. c4 e6 3. Nf3 d5 4. g3 Bb4+ 5. Bd2 Be7 6. Bg2 O-O 7. O-O Nbd7 8. Qc2
c6 9. Rd1 b6 10. Bf4 Bb7 11. Ne5 Nh5 12. Be3 Nhf6 13. cxd5 cxd5 14. Nc6 Bxc6 15.
Qxc6 Rc8 16. Qa4 Ne8 17. Nc3 Nd6 18. Bf4 Nc4 19. Qc2 Nf6 20. Rac1 a6 21. Qb1 b5
22. b3 Nd6 23. Bd2 Qd7 24. Be1 Rc7 25. e3 Rfc8 26. Ne2 g5 27. h3 h5 28. Ba5 Rxc1
29. Rxc1 g4 30. h4 Nde4 31. Rxc8+ Qxc8 32. Qc1 Qd7 33. Be1 Bd6 34. Nc3 Qc6 35.
Ne2 Qd7 36. Nc3 Nxc3 37. Qxc3 Ne4 38. Qc2 f5 39. Bf1 Qc7 40. Qxc7 Bxc7 41. a4
bxa4 42. bxa4 a5 43. Bb5 Kf7 44. Kf1 Ke7 45. Ke2 Bb6 1/2-1/2

[Event "European Blitz 2016"]
[Site "Tallinn EST"]
[Date "2016.12.18"]
[Round "23.7"]
[White "Riazantsev, Alexander"]
[Black "Saric, Ivan"]
[Result "1-0"]
[WhiteTitle "GM"]
[BlackTitle "GM"]
[WhiteElo "2671"]
[BlackElo "2652"]
[WhiteFideId "4125029"]
[BlackFideId "14508150"]
[EventDate "2016.12.17"]

1. d4 Nf6 2. c4 g6 3. Nc3 Bg7 4. e4 d6 5. Be2 O-O 6. Be3 c5 7. dxc5 Qa5 8. f3
dxc5 9. e5 Rd8 10. Qa4 Qxa4 11. Nxa4 Nfd7 12. f4 Nc6 13. Nf3 b6 14. O-O Bb7 15.
Nc3 Nf8 16. Nd5 e6 17. Nc7 Rab8 18. Nb5 Nb4 19. Rad1 Nxa2 20. Rxd8 Rxd8 21. Ra1
a6 22. Rxa2 axb5 23. cxb5 Ra8 24. Ra3 Nd7 25. Nd2 g5 26. g3 gxf4 27. gxf4 Rxa3
28. bxa3 f6 29. exf6 Nxf6 30. Nc4 Nd5 31. Bd2 Bc3 32. Bc1 Bd4+ 33. Kf1 Bc8 34.
a4 Bd7 35. Bf3 Be8 36. Bxd5 exd5 37. Nxb6 Bg6 38. Nxd5 Bc2 39. b6 Bd3+ 40. Ke1
Ba6 41. Be3 Bb7 42. Bxd4 Bxd5 43. Bxc5 Kf7 44. a5 Bb7 45. Kf2 Ke6 46. Ke3 Kd5
47. Ba3 Ba6 48. Bb2 Bb7 49. f5 1-0

[Event "European Blitz 2016"]
[Site "Tallinn EST"]
[Date "2016.12.18"]
[Round "23.8"]
[White "Navara, David"]
[Black "Plat, Vojtech"]
[Result "1-0"]
[WhiteTitle "GM"]
[BlackTitle "IM"]
[WhiteElo "2725"]
[BlackElo "2532"]
[WhiteFideId "309095"]
[BlackFideId "325740"]
[EventDate "2016.12.17"]

1. d4 d6 2. c4 e5 3. Nc3 Nd7 4. Nf3 c6 5. e4 Ngf6 6. Be2 Be7 7. O-O a5 8. Re1
O-O 9. Bf1 Re8 10. b3 Qc7 11. h3 Nf8 12. Be3 Ng6 13. d5 Nd7 14. a3 c5 15. Rb1
Ndf8 16. b4 axb4 17. axb4 b6 18. Nb5 Qd8 19. Qb3 f5 20. exf5 Bxf5 21. Ra1 Rxa1
22. Rxa1 Bf6 23. Ra6 Be7 24. Na7 e4 25. Nd2 Ne5 26. b5 Bf6 27. Nc6 Qc7 28. Ra7
Qc8 29. Qa4 Nfd7 30. Qa6 h5 31. Be2 g6 32. Bd1 h4 33. Bc2 Nf8 34. Qxc8 Rxc8 35.
Bxe4 Nfd7 1-0

[Event "European Blitz 2016"]
[Site "Tallinn EST"]
[Date "2016.12.18"]
[Round "23.9"]
[White "Jovanovic, Zoran"]
[Black "Naiditsch, Arkadij"]
[Result "1-0"]
[WhiteTitle "GM"]
[BlackTitle "GM"]
[WhiteElo "2534"]
[BlackElo "2687"]
[WhiteFideId "14505320"]
[BlackFideId "4650891"]
[EventDate "2016.12.17"]

1. e4 c5 2. Nc3 Nc6 3. Bb5 g6 4. Bxc6 dxc6 5. f4 Bg7 6. Nf3 h5 7. d3 Nh6 8. h3
O-O 9. O-O b5 10. Be3 c4 11. dxc4 Qxd1 12. Raxd1 bxc4 13. Ne5 f5 14. Nxc6 fxe4
15. Nxe7+ Kf7 16. Nxc8 Raxc8 17. Nxe4 Kg8 18. Bd4 Nf5 19. Bxg7 Kxg7 20. Nd6 Rc6
21. Nxf5+ Rxf5 22. Rd7+ Rf7 23. Rxf7+ Kxf7 24. Rf3 Rd6 25. Rc3 Rd4 26. g3 Ke6
27. Kf2 Kd5 28. b3 cxb3 29. axb3 h4 30. Rd3 hxg3+ 31. Kxg3 Rxd3+ 32. cxd3 Kc5
33. h4 Kb4 34. f5 1-0

[Event "European Blitz 2016"]
[Site "Tallinn EST"]
[Date "2016.12.18"]
[Round "23.10"]
[White "Dzhumagaliev, Yan"]
[Black "Bartel, Mateusz"]
[Result "0-1"]
[WhiteTitle "FM"]
[BlackTitle "GM"]
[WhiteElo "2400"]
[BlackElo "2641"]
[WhiteFideId "24100110"]
[BlackFideId "1112635"]
[EventDate "2016.12.17"]

1. Nf3 f5 2. d3 Nc6 3. e4 e5 4. Nc3 Nf6 5. d4 fxe4 6. Nxe5 d6 7. Nxc6 bxc6 8. d5
Be7 9. Bc4 O-O 10. dxc6+ Kh8 11. h3 Qe8 12. Nd5 Nxd5 13. Bxd5 Qg6 14. g3 Bf6 15.
c3 Be5 16. Be3 Ba6 17. Qg4 Qf6 18. Rc1 Rab8 19. Bb3 Bd3 20. Bxa7 Rb5 21. Be3 d5
22. h4 d4 23. cxd4 Bxd4 24. Qg5 Rxg5 25. hxg5 Qf3 26. Bd1 Qxh1+ 0-1

[Event "European Blitz 2016"]
[Site "Tallinn EST"]
[Date "2016.12.18"]
[Round "23.11"]
[White "Anton Guijarro, David"]
[Black "Kazakovskiy, Valeriy"]
[Result "1-0"]
[WhiteTitle "GM"]
[BlackTitle "IM"]
[WhiteElo "2650"]
[BlackElo "2430"]
[WhiteFideId "2285525"]
[BlackFideId "13507443"]
[EventDate "2016.12.17"]

1. d4 Nf6 2. c4 e6 3. Nf3 Bb4+ 4. Nbd2 d6 5. a3 Bxd2+ 6. Qxd2 Nbd7 7. e3 e5 8.
b4 e4 9. Ng1 d5 10. Bb2 c6 11. c5 h5 12. a4 Nf8 13. b5 Ne6 14. Nh3 Bd7 15. Rb1
O-O 16. Be2 g6 17. Bc3 Kg7 18. a5 cxb5 19. Bxb5 a6 20. Bxd7 Qxd7 21. Rb6 Rab8
22. O-O Nc7 23. Bb4 Rfc8 24. f3 Ne6 25. Qe2 Rc6 26. Be1 Rxb6 27. axb6 Re8 28.
Bg3 Nd8 29. Ng5 exf3 30. Qxf3 Ng4 31. Re1 f6 32. Nh3 Nc6 33. Nf4 Re4 34. h3 Nh6
35. Rf1 Nf5 36. Nxh5+ Kf7 37. Bh2 Rxe3 38. Nxf6 Qe6 39. Qxd5 Kxf6 40. Be5+ Nxe5
41. dxe5+ Rxe5 42. Qxb7 Re1 43. Qf3 Rxf1+ 44. Qxf1 Qe3+ 45. Qf2 Qxf2+ 46. Kxf2
Nd4 47. Ke3 Nc6 48. Ke4 Ke6 49. h4 a5 50. g4 a4 51. Kd3 Ke5 52. Kc3 Kf4 53. h5
gxh5 54. gxh5 Kg5 55. Kc4 Kxh5 56. Kb5 a3 57. Kxc6 a2 58. b7 a1=Q 59. b8=Q Qh1+
60. Kd7 Qd5+ 61. Qd6 Qf7+ 62. Kd8 Qg8+ 63. Kc7 Qf7+ 64. Qd7 Qf4+ 65. Kc8 Qc4 66.
c6 Qb5 67. c7 Qa6+ 68. Kd8 Qf6+ 69. Qe7 Qh8+ 70. Qe8+ 1-0